Normal view
MARC view
- Sidddique, Muhammad Abubakar
Entry Personal Name
001 - CONTROL NUMBER
- control field: 17854
003 - CONTROL NUMBER IDENTIFIER
- control field: NUST
005 - DATE AND TIME OF LATEST TRANSACTION
- control field: 20190717064815.0
008 - FIXED-LENGTH DATA ELEMENTS
- fixed length control field: 190717|| aca||aabn | a|a d
040 ## - CATALOGING SOURCE
- Original cataloging agency: NUST
- Transcribing agency: NUST
100 ## - HEADING--PERSONAL NAME
- Personal name: Sidddique, Muhammad Abubakar
670 ## - SOURCE DATA FOUND
- Source citation: Work cat.: (NUST): Sidddique, Muhammad Abubakar, LOGISTIC VS SUPPLY CHAIN MANAGEMENT : A LOCAL SURVEY /, 2016.
